The body in the library, (Record no. 174352)

000 -LEADER
fixed length control field 00886cam a22002651 4500
001 - CONTROL NUMBER
control field 6451904
003 - CONTROL NUMBER IDENTIFIER
control field Nust
005 - DATE AND TIME OF LATEST TRANSACTION
control field 20170124120414.0
008 - FIXED-LENGTH DATA ELEMENTS--GENERAL INFORMATION
fixed length control field 780424s1942 nyu 000 1 eng
010 ## - LIBRARY OF CONGRESS CONTROL NUMBER
LC control number 42036085
020 ## - INTERNATIONAL STANDARD BOOK NUMBER
International Standard Book Number 0007191197
020 ## - INTERNATIONAL STANDARD BOOK NUMBER
International Standard Book Number 9780007191192
035 ## - SYSTEM CONTROL NUMBER
System control number (OCoLC)3822435
040 ## - CATALOGING SOURCE
Original cataloging agency DLC
Transcribing agency AzFU
Modifying agency AzFU
-- OCoLC
-- ICFC
-- DLC
050 00 - LIBRARY OF CONGRESS CALL NUMBER
Classification number PZ3.C4637
Item number Bm
Classification number PR6005.H66
082 00 - DEWEY DECIMAL CLASSIFICATION NUMBER
Classification number 823.912
Author Mark CHR
100 1# - MAIN ENTRY--PERSONAL NAME
Personal name Christie, Agatha,
Dates associated with a name 1890-1976.
245 14 - TITLE STATEMENT
Title The body in the library,
Statement of responsibility, etc. by Agatha Christie.
260 ## - PUBLICATION, DISTRIBUTION, ETC.
Place of publication, distribution, etc. New York,
Name of publisher, distributor, etc. Dodd, Mead & company,
Date of publication, distribution, etc. 1942.
300 ## - PHYSICAL DESCRIPTION
Extent 302 p.
Dimensions 21 cm.
650 #0 - SUBJECT ADDED ENTRY--TOPICAL TERM
Topical term or geographic name entry element Marple, Jane (Fictitious character)
General subdivision Fiction.
650 #0 - SUBJECT ADDED ENTRY--TOPICAL TERM
Topical term or geographic name entry element Women detectives
Geographic subdivision England
General subdivision Fiction.
655 #7 - INDEX TERM--GENRE/FORM
Genre/form data or focus term Detective and mystery stories.
Source of term gsafd
906 ## - LOCAL DATA ELEMENT F, LDF (RLIN)
a 7
b cbc
c oclcrpl
d u
e ncip
f 19
g y-gencatlg
942 ## - ADDED ENTRY ELEMENTS (KOHA)
Source of classification or shelving scheme
Koha item type Book
Holdings
Withdrawn status Lost status Source of classification or shelving scheme Damaged status Not for loan Collection code Permanent Location Current Location Shelving location Date acquired Total Checkouts Full call number Barcode Date last seen Date last checked out Copy number Price effective from Koha item type Total Renewals Checked out
            Central Library (CL) Central Library (CL) Fiction 01/24/2017 1 823.912 CHR CL1301 03/15/2023 11/21/2022 1 01/24/2017 Book    
            Central Library (CL) Central Library (CL) Fiction 01/24/2017 2 823.912 CHR CL2638 03/01/2026 03/01/2026 2 01/24/2017 Book 1 03/31/2026
© 2023 Central Library, National University of Sciences and Technology. All Rights Reserved.